Statistiques concernant Personnages de Smash Bros

Cliquez ici pour prendre le quiz!

Statistiques générales

  • Ce quiz a été pris 60 fois
  • Le résultat moyen est 49 sur 84

Statistiques - réponses

64GCWii3DS/USwitchNomEcho/Alt% Correct
Mario
100%
Link
98%
Luigi
98%
Peach
98%
Bowser
96%
DaisyEcho
94%
Kirby
94%
Yoshi
94%
Pikachu
92%
Zelda
92%
Donkey Kong
88%
Samus
88%
Wario
88%
Diddy Kong
82%
Fox
76%
Ganondorf
76%
CarapuceDresseur
73%
DracaufeuDresseur
73%
Samus sans armure
73%
Falco
71%
Marth
69%
Meta Knight
69%
Pit
69%
Captain Falcon
67%
Sheik
67%
Bowser Jr.
65%
Mewtwo
65%
Ness
65%
Roi DaDiDou
65%
Rondoudou
65%
HerbizarreDresseur
63%
Ike
63%
Link Cartoon
63%
Lucario
63%
Pichu
61%
Link Enfant
59%
Lucas
59%
Wolf
59%
Félinferno
57%
Roy
57%
RoyAlt
57%
Snake
57%
Amphinobi
55%
Ice Climbers
55%
Harmonie & Luma
53%
LucinaEcho
53%
Mr. Game & Watch
53%
Palutena
53%
Pit MaléfiqueEcho
53%
Ridley
51%
Sonic
51%
Cloud
49%
Mega Man
49%
Samus sombreEcho
49%
Dr. Mario
47%
Entraîneur.euse Wii Fit
47%
KenEcho
47%
Olimar
47%
Ryu
47%
Bayonetta
45%
Dresseur de Pokémon
45%
King K. Rool
45%
Villageois
45%
Marie
43%
Pac-Man
41%
Plante Piranha
41%
Simon
41%
Duo Duck Hunt
39%
ChromEcho
37%
Daraen
37%
Little Mac
37%
R.O.B.
37%
Corrin
35%
Richter
35%
WendyAlt
35%
Inkling
33%
LarryAlt
33%
LemmyAlt
33%
IggyAlt
31%
LudwigAlt
31%
MortonAlt
31%
Shulk
31%
AlphAlt
18%
Combattant Mii
12%

Distribution des résultats

Percentile par nombre de réponses

% des personnes avec chaque résultat

Votre développement - résultats

Vous n’avez pas pris ce quiz